<?xml version="1.0" encoding="UTF-8"?>
<record
    xmlns:xsi="http://www.w3.org/2001/XMLSchema-instance"
    xsi:schemaLocation="http://www.loc.gov/MARC21/slim http://www.loc.gov/standards/marcxml/schema/MARC21slim.xsd"
    xmlns="http://www.loc.gov/MARC21/slim">

  <leader>01100cam a2200337 i 4500</leader>
  <controlfield tag="001">005183243</controlfield>
  <controlfield tag="003">YEEZEN</controlfield>
  <controlfield tag="005">20260107140039.0</controlfield>
  <controlfield tag="008">250414s2024    ch ad  e      000 0 chi d</controlfield>
  <datafield tag="020" ind1=" " ind2=" ">
    <subfield code="a">9786267488201</subfield>
    <subfield code="q">(&#x5E73;&#x88DD;) :</subfield>
    <subfield code="c">NT$520</subfield>
  </datafield>
  <datafield tag="040" ind1=" " ind2=" ">
    <subfield code="a">mcutl</subfield>
    <subfield code="b">chi</subfield>
    <subfield code="c">mcutl</subfield>
    <subfield code="d">mcutl</subfield>
    <subfield code="e">ccr</subfield>
  </datafield>
  <datafield tag="041" ind1="0" ind2=" ">
    <subfield code="a">chi</subfield>
  </datafield>
  <datafield tag="042" ind1=" " ind2=" ">
    <subfield code="a">nbic</subfield>
  </datafield>
  <datafield tag="084" ind1=" " ind2=" ">
    <subfield code="a">312.49E9</subfield>
    <subfield code="2">ncsclt</subfield>
  </datafield>
  <datafield tag="090" ind1=" " ind2=" ">
    <subfield code="a">312.49E9</subfield>
  </datafield>
  <datafield tag="100" ind1="1" ind2=" ">
    <subfield code="a">&#x5433;&#x627F;&#x7A4E;</subfield>
  </datafield>
  <datafield tag="245" ind1="1" ind2="0">
    <subfield code="a">ChatGPT X Excel&#x81EA;&#x52D5;&#x5316;&#x5DE5;&#x4F5C;&#x8056;&#x7D93; :</subfield>
    <subfield code="b">AI&#x751F;&#x6210;&#x516C;&#x5F0F;&#x3001;&#x6578;&#x64DA;&#x8A6E;&#x91CB;&#x3001;&#x7D71;&#x8A08;&#x5831;&#x8868; /</subfield>
    <subfield code="c">&#x5433;&#x627F;&#x7A4E;(&#x6A02;&#x5496;&#x8001;&#x5E2B;)&#x4F5C;</subfield>
  </datafield>
  <datafield tag="246" ind1="3" ind2=" ">
    <subfield code="a">AI&#x751F;&#x6210;&#x516C;&#x5F0F;&#x6578;&#x64DA;&#x8A6E;&#x91CB;&#x7D71;&#x8A08;&#x5831;&#x8868;</subfield>
  </datafield>
  <datafield tag="246" ind1="3" ind2="0">
    <subfield code="a">AI&#x751F;&#x6210;&#x516C;&#x5F0F;&#x3001;&#x6578;&#x64DA;&#x8A6E;&#x91CB;&#x3001;&#x7D71;&#x8A08;&#x5831;&#x8868;</subfield>
  </datafield>
  <datafield tag="250" ind1=" " ind2=" ">
    <subfield code="a">&#x521D;&#x7248;</subfield>
  </datafield>
  <datafield tag="260" ind1=" " ind2=" ">
    <subfield code="a">&#x81FA;&#x5317;&#x5E02; :</subfield>
    <subfield code="b">&#x5275;&#x610F;&#x5E02;&#x96C6;, &#x57CE;&#x90A6;&#x6587;&#x5316;&#x51FA;&#x7248; :</subfield>
    <subfield code="b">&#x5BB6;&#x5EAD;&#x50B3;&#x5A92;&#x57CE;&#x90A6;&#x5206;&#x516C;&#x53F8;&#x767C;&#x884C;,</subfield>
    <subfield code="c">2024.08</subfield>
  </datafield>
  <datafield tag="300" ind1=" " ind2=" ">
    <subfield code="a">[344]&#x9762; :</subfield>
    <subfield code="b">&#x5F69;&#x5716;, &#x8868;&#x683C; ;</subfield>
    <subfield code="c">23&#x516C;&#x5206;</subfield>
  </datafield>
  <datafield tag="490" ind1="1" ind2=" ">
    <subfield code="a">BizPro ;</subfield>
    <subfield code="v">2AB548.</subfield>
  </datafield>
  <datafield tag="503" ind1=" " ind2=" ">
    <subfield code="a">2024&#x5E74;4&#x5237;</subfield>
  </datafield>
  <datafield tag="650" ind1=" " ind2="7">
    <subfield code="a">EXCEL(&#x96FB;&#x8166;&#x7A0B;&#x5F0F;)</subfield>
    <subfield code="2">lcstt.</subfield>
  </datafield>
  <datafield tag="650" ind1=" " ind2="7">
    <subfield code="a">&#x4EBA;&#x5DE5;&#x667A;&#x6167;</subfield>
    <subfield code="2">lcstt.</subfield>
  </datafield>
  <datafield tag="650" ind1=" " ind2="7">
    <subfield code="a">&#x7D71;&#x8A08;&#x5206;&#x6790;</subfield>
    <subfield code="2">lcstt.</subfield>
  </datafield>
  <datafield tag="700" ind1="0" ind2=" ">
    <subfield code="a">&#x6A02;&#x5496;&#x8001;&#x5E2B;</subfield>
  </datafield>
  <datafield tag="830" ind1=" " ind2="0">
    <subfield code="a">BizPro ;</subfield>
    <subfield code="v">2AB548.</subfield>
  </datafield>
  <datafield tag="942" ind1=" " ind2=" ">
    <subfield code="2">ccl</subfield>
    <subfield code="c">BOOK</subfield>
  </datafield>
  <datafield tag="999" ind1=" " ind2=" ">
    <subfield code="c">7680</subfield>
    <subfield code="d">7680</subfield>
  </datafield>
  <datafield tag="952" ind1=" " ind2=" ">
    <subfield code="0">0</subfield>
    <subfield code="1">0</subfield>
    <subfield code="2">ccl</subfield>
    <subfield code="4">0</subfield>
    <subfield code="7">0</subfield>
    <subfield code="a">yeezen</subfield>
    <subfield code="b">yeezen</subfield>
    <subfield code="c">YEEZEN</subfield>
    <subfield code="d">2026-01-07</subfield>
    <subfield code="l">3</subfield>
    <subfield code="m">2</subfield>
    <subfield code="o">312.49E9</subfield>
    <subfield code="p">C03266</subfield>
    <subfield code="r">2026-03-17 00:00:00</subfield>
    <subfield code="s">2026-03-11</subfield>
    <subfield code="w">2026-01-07</subfield>
    <subfield code="y">BOOK</subfield>
    <subfield code="z">&#x672C;&#x66F8;&#x53EF;&#x4EE5;&#x6559;&#x6703;&#x4F60;&#xFF1A; &#x4E0D;&#x8981;&#x8A18;&#x4E00;&#x5927;&#x5806;&#x8907;&#x96DC;&#x516C;&#x5F0F;&#xFF0C;&#x5B78;&#x6703;&#x7CFB;&#x7D71;&#x5316; ChatGPT &#x8A60;&#x5531;&#x6280;&#x5DE7;&#xFF0C;&#x8B93; AI &#x5E6B;&#x4F60;&#x5BEB;&#x51FA;&#x516C;&#x5F0F;&#xFF01; &#x6253;&#x7834; Excel &#x50B3;&#x7D71;&#x6559;&#x5B78;&#x6CD5;&#xFF0C;AI &#x6642;&#x4EE3;&#xFF0C;&#x8B93;&#x6211;&#x5011;&#x5F9E;&#x89E3;&#x6C7A;&#x4F60;&#x7684;&#x4EFB;&#x52D9;&#x554F;&#x984C;&#x76F4;&#x63A5;&#x51FA;&#x767C;&#xFF0C;&#x7ACB;&#x523B;&#x7528;&#x5728;&#x5DE5;&#x4F5C;&#x4E0A;&#xFF01;</subfield>
  </datafield>
</record>
